000 00501nam a2200169 a 4500
001 000036655
005 20200930075844.0
008 120124s1961 xxu 000 0 spa d
020 _a0395081343
040 _aDO-SdBNP
_bspa
_cBNPHU
041 1 7 _aeng
100 1 _aRogers, Carl R.
_960327
245 1 0 _aOn becoming a person :
_ba Therapist s View of psychotherapy /
_cCarl R. Rogers.
260 _aBoston :
_bHoughton Mifflin company,
_c1961.
300 _a420 p. ;
_c22 cm.
500 _aIncluye índice
999 _c36146
_d36146